000 00659cam a2200169 i 4500
020 _a9251007284 (pbk.)
040 _cDLC
082 0 0 _a338 FOO 1979 C153 Or.
245 0 0 _aChina, rural processing technology :
_bthe role of country, commune, and brigade enterprises in China's rural development /
260 _aRome :
_bFood and Agriculture Organization of the United Nations,
_c1979.
300 _axi, 63 p. :
_bmap ;
_c28 cm.
490 1 _aFAO agricultural services bulletin ;
650 0 _aFood industry and trade
710 2 _aFood and Agriculture Organization of the United Nations.
710 2 _aUnited Nations Development Programme.
942 _cAEDBB
999 _c18884
_d18884